Loading...
| Fine Arts - Other | 2 | 4 | 0 | 0 | 70 | 42 | 84.67 | 3 | 6 | 0.00 | 0.00 |
| History - Ancient/Other | 1 | 3 | 1 | 1 | 40 | 64 | 102.75 | 1 | 3 | 0.00 | 0.00 |
| Fine Arts - Visual | 1 | 3 | 2 | 1 | 35 | 64 | 114.75 | 1 | 4 | 0.00 | 0.00 |
| History - World | 0 | 2 | 0 | 0 | 20 | 75 | 92.50 | 1 | 1 | 0.00 | 0.00 |
| Literature - American | 0 | 2 | 0 | 0 | 20 | 137 | 150.00 | 0 | 2 | 0.00 | 0.00 |
| Fine Arts - Auditory | 1 | 0 | 0 | 0 | 15 | 39 | 39.00 | 1 | 1 | 0.00 | 0.00 |
| Geography | 1 | 0 | 0 | 0 | 15 | 50 | 50.00 | 1 | 1 | 0.00 | 0.00 |
| History - European | 0 | 2 | 1 | 1 | 15 | 93 | 121.00 | 0 | 2 | 0.00 | 0.00 |
| Literature - European | 0 | 1 | 0 | 0 | 10 | 143 | 143.00 | 0 | 0 | 0.00 | 0.00 |
| Mythology | 0 | 1 | 0 | 0 | 10 | 82 | 82.00 | 0 | 1 | 0.00 | 0.00 |
| Science - Other | 0 | 1 | 0 | 0 | 10 | 105 | 105.00 | 1 | 1 | 0.00 | 0.00 |
| History - American | 0 | 1 | 1 | 0 | 5 | 107 | 107.00 | 0 | 1 | 0.00 | 0.00 |
| Religion | 0 | 0 | 0 | 0 | 0 | 0.00 | 0 | 0 | 0.00 | 0.00 |